000 01945nam a2200433 c 4500
003 BLK
005 20240606102730.0
008 180408b bul|||||r ||||||| ||bul||
010 _aKNG00073079000
020 _a954-07-2437-6
_bиздат.: Унив. изд. Св. Климент Охридски
040 _aBLK
041 _aBUL
_cBUL
080 _aБългарска литература
_b821.163.2
_x(092)
_z821.163.2(092)
080 _aБългарска литература
_b821.163.2
_x-1.09
_z821.163.2-1.09
080 _aБългарска поетеса
_b929 Дубарова, Петя Стойкова
_x
_z929 Дубарова, Петя Стойкова
100 _aТопалова, Добрина Василева
_9294086
139 _aТопалова, Добрина Василева
_bД 92
245 1 0 _aЯвлението Петя Дубарова
_bТ. 1 -
_cДобрина Василева Топалова.
_nТ. 1
_pМитът на Поета
257 _aBGR
260 София
_bУнив. изд. Св. Климент Охридски
_c2006 -
300 _c25 см
380 _a82
500 _aОфс. изд.
600 1 4 _aДубарова, Петя Стойкова
_9365274
650 4 _aПоети, български - биографии
_9277817
650 4 _aПоезия, българска - теми, образи, сюжети
_9242871
650 4 _aДубарова, Петя Стойкова
_9365274
653 _aбългарски поети
653 _aтворчество
653 _aПетя Дубарова
653 _aбиографии
760 1 _aТопалова, Добрина Василева
_d2006
_h348 с. : с ил.
_tТ. 1 Митът на Поета
852 _aЦб 232465
856 4 _qpdf
_u
856 4 _qpdf
_u
942 _cKNG
_n0
_08
944 _aCR
_c19.03.2007
_k30550
_lКети Илиева
944 _aED
_c13.03.2008
_k
999 _c68750
_d68750